000 00697nam a2200265Ia 4500
005 20260121170457.0
008 008 260114s9999 xx 000 0 eng d
020 _a9783319687384
037 _aEBOOK
040 _aCRL
040 _beng
040 _cCRL
041 _2eng
041 _aeng
084 _qCRL
100 _aAndrew M. Greller, Kazue Fujiwara, Franco Pedrotti
_91064362
245 0 _aGeographical Changes in Vegetation and Plant Functional Types
260 _bSpringer
260 _bSpringer
260 _c2018
856 _uhttps://link.springer.com/openurl?genre=book&isbn=978-3-319-68738-4
942 _cEBOOK
999 _c1630091
_d1630091